[Event "Olimpiade 2014 - Open"]
[Site "Tromsø"]
[Date "12.08.2014"]
[Round "10.12"]
[Board "3"]
[White "Ortiz Suarez, Isan Reynaldo"]
[Black "Nigalidze, Gaioz"]
[Result "1-0"]
[WhiteTitle "GM"]
[BlackTitle "GM"]
[WhiteElo "2603"]
[BlackElo "2542"]
[WhiteTeam "Cuba"]
[BlackTeam "Georgia"]
[WhiteFideId "3507165"]
[BlackFideId "13603078"]
[EventDate "2014.08.02"]

1. e4 c5 2. Nf3 d6 3. d4 cxd4 4. Nxd4 Nf6 5. Nc3 a6 6. Bg5 Nbd7 7. Bc4 Qb6 8.
Bb3 Qc7 9. Qd2 Nc5 10. Bxf6 gxf6 11. O-O-O e6 12. f4 Bd7 13. Kb1 b5 14. f5 e5
15. Nde2 Rb8 16. Ng3 h5 17. Qe2 Nxb3 18. cxb3 Bc6 19. Nxh5 Ke7 20. g4 Bh6 21. h4
b4 22. Nd5+ Bxd5 23. Rxd5 Rbc8 24. Rdd1 Rhg8 25. Nxf6 Kxf6 26. g5+ Bxg5 27.
hxg5+ Rxg5 28. Rh6+ Kg7 29. Rhxd6 Rh8 30. Qd2 1-0

[Event "Olimpiade 2014 - Open"]
[Site "Tromsø"]
[Date "12.08.2014"]
[Round "10.12"]
[Board "4"]
[White "Shanava, Konstantine"]
[Black "Gonzalez Vidal, Yuri"]
[Result "0-1"]
[WhiteTitle "GM"]
[BlackTitle "GM"]
[WhiteElo "2563"]
[BlackElo "2550"]
[WhiteTeam "Georgia"]
[BlackTeam "Cuba"]
[WhiteFideId "13601784"]
[BlackFideId "3503321"]
[EventDate "2014.08.02"]

1. e4 e5 2. Nc3 Nf6 3. Bc4 Nc6 4. d3 Bc5 5. h3 Na5 6. Nge2 O-O 7. O-O c6 8. a3
Nxc4 9. dxc4 d6 10. Qd3 Be6 11. b4 Bb6 12. Bb2 Nh5 13. Rad1 Qg5 14. Bc1 Qg6 15.
Qxd6 Bxc4 16. Qxe5 Rae8 17. Qg5 Nf6 18. Qxg6 fxg6 19. Be3 Nxe4 20. Bxb6 axb6 21.
Rfe1 Nxf2 22. Rd7 b5 23. Rxb7 Re3 24. Rc7 g5 25. Rf1 Rxc3 26. Rxf2 Rxf2 27. Nxc3
Rxc2 28. Ne4 Bd5 29. Rc8+ Kf7 30. Nxg5+ Kf6 31. Nf3 g5 32. Rf8+ Kg7 33. Re8 h5
34. Re3 Kf6 35. Ne1 Rb2 36. Kf1 Kf5 37. Kg1 Be4 38. Rc3 h4 39. Kf1 Ra2 40. Nf3
Kf4 41. Kg1 Bd5 42. Ne1 Re2 43. Nf3 g4 44. Nxh4 Kg5 45. g3 gxh3 46. Nf3+ Kf6 0-1

[Event "Olimpiade 2014 - Open"]
[Site "Tromsø"]
[Date "12.08.2014"]
[Round "10.13"]
[Board "1"]
[White "Ismagambetov, Anuar"]
[Black "Vallejo Pons, Francisco"]
[Result "0-1"]
[WhiteTitle "GM"]
[BlackTitle "GM"]
[WhiteElo "2531"]
[BlackElo "2698"]
[WhiteTeam "Kazakhstan"]
[BlackTeam "Spain"]
[WhiteFideId "13701525"]
[BlackFideId "2205530"]
[EventDate "2014.08.02"]

1. e4 e6 2. d4 d5 3. Nc3 Bb4 4. Ne2 Nf6 5. e5 Nfd7 6. a3 Be7 7. f4 c5 8. Be3 Nc6
9. dxc5 Bxc5 10. Bxc5 Nxc5 11. Nd4 O-O 12. b4 Nd7 13. g3 Qb6 14. Nce2 f6 15. Bg2
Nxd4 16. Qxd4 fxe5 17. fxe5 Qxd4 18. Nxd4 Nxe5 19. O-O-O Nc4 20. Rhe1 Rf2 21.
Bf1 Rxf1 22. Rxf1 Ne3 23. Rfe1 Nxd1 24. Kxd1 Kf7 25. Nf3 Bd7 26. Ng5+ Ke7 27.
Rf1 h6 28. Rf7+ Kd6 29. Nf3 Rg8 30. g4 e5 31. h3 d4 32. Nh4 Ke6 33. Rf5 g6 34.
Rf2 Bc6 35. c3 dxc3 36. Kc2 Rc8 37. Kxc3 Be4+ 38. Kb3 Rc1 39. Re2 Rh1 40. Re3 g5
41. Nf3 Bxf3 42. Rxf3 e4 43. Rf8 Rxh3+ 44. Kc4 Rxa3 45. Re8+ Kd6 46. Rxe4 Rf3
47. Rd4+ Kc7 48. Rd1 Rf4+ 49. Kc5 Rxg4 50. Re1 b6+ 0-1

[Event "Olimpiade 2014 - Open"]
[Site "Tromsø"]
[Date "12.08.2014"]
[Round "10.13"]
[Board "2"]
[White "Anton Guijarro, David"]
[Black "Kotsur, Pavel"]
[Result "1/2-1/2"]
[WhiteTitle "GM"]
[BlackTitle "GM"]
[WhiteElo "2624"]
[BlackElo "2559"]
[WhiteTeam "Spain"]
[BlackTeam "Kazakhstan"]
[WhiteFideId "2285525"]
[BlackFideId "13700278"]
[EventDate "2014.08.02"]

1. d4 Nf6 2. Nf3 e6 3. e3 c5 4. Bd3 d5 5. b3 Bd6 6. O-O O-O 7. Bb2 b6 8. Nbd2
Bb7 9. Ne5 Nbd7 10. Qe2 Ne4 11. Bxe4 dxe4 12. Ndc4 Bxe5 13. dxe5 Qg5 14. Rad1
Bd5 15. Rd2 Rfd8 16. Rfd1 Nf8 17. Kh1 Bxc4 18. Qxc4 Rxd2 19. Rxd2 Rd8 20. Qe2 h5
21. Rxd8 Qxd8 22. Bc3 Qg5 23. h3 Ng6 24. Qb5 Qd8 25. Qe2 h4 26. Qg4 Qd5 27. a4
a5 28. Kh2 c4 29. Bd4 cxb3 30. cxb3 Qxb3 31. Qxe4 Qxa4 32. Qa8+ Kh7 33. Bxb6 Qc2
34. Qf3 Kg8 35. Qa8+ Kh7 36. Qf3 Kg8 37. Qa8+ 1/2-1/2

[Event "Olimpiade 2014 - Open"]
[Site "Tromsø"]
[Date "12.08.2014"]
[Round "10.13"]
[Board "4"]
[White "Vazquez Igarza, Renier"]
[Black "Khusnutdinov, Rustam"]
[Result "1/2-1/2"]
[WhiteTitle "GM"]
[BlackTitle "GM"]
[WhiteElo "2603"]
[BlackElo "2470"]
[WhiteTeam "Spain"]
[BlackTeam "Kazakhstan"]
[WhiteFideId "3503054"]
[BlackFideId "13701703"]
[EventDate "2014.08.02"]

1. Nf3 c5 2. c4 Nf6 3. d4 cxd4 4. Nxd4 Nc6 5. Nc3 e6 6. a3 Be7 7. e4 O-O 8. Be2
d5 9. cxd5 exd5 10. Nxc6 bxc6 11. exd5 Nxd5 12. Bd2 Bf6 13. O-O Nxc3 14. Bxc3
Bxc3 15. bxc3 Be6 16. Bf3 Bd5 17. Re1 Qf6 18. Bxd5 cxd5 19. Qd4 Rac8 20. Qxa7
Qxc3 21. Qe3 d4 22. Qxc3 dxc3 23. a4 Ra8 24. Kf1 g6 25. Rec1 Rfc8 26. a5 Rc5 27.
a6 Rc6 28. a7 Rc7 29. g3 Raxa7 30. Rxa7 Rxa7 31. Rxc3 1/2-1/2

[Event "Olimpiade 2014 - Open"]
[Site "Tromsø"]
[Date "12.08.2014"]
[Round "10.14"]
[Board "1"]
[White "Shirov, Alexei"]
[Black "Gelfand, Boris"]
[Result "1/2-1/2"]
[WhiteTitle "GM"]
[BlackTitle "GM"]
[WhiteElo "2709"]
[BlackElo "2753"]
[WhiteTeam "Latvia"]
[BlackTeam "Israel"]
[WhiteFideId "2209390"]
[BlackFideId "2805677"]
[EventDate "2014.08.02"]

1. d4 Nf6 2. c4 g6 3. Nf3 Bg7 4. g3 c6 5. Bg2 d5 6. Qb3 O-O 7. O-O Qb6 8. Nc3
Rd8 9. Rd1 Bf5 10. Bf4 Qxb3 11. axb3 Bc2 12. Rdc1 Bxb3 13. c5 Bc4 14. Bxb8 Rdxb8
15. Ne5 Bb5 16. Nxb5 cxb5 17. c6 e6 18. e3 bxc6 19. Nxc6 Rb7 20. Ra6 Bf8 21.
Rca1 Rc8 22. Bf1 b4 23. Bd3 Rb6 24. Ne5 Bd6 25. Nf3 Rxa6 26. Rxa6 Bb8 27. Ra4
Rc6 28. Rxb4 Rb6 29. Rxb6 axb6 30. Kf1 Kf8 31. Ke2 1/2-1/2

[Event "Olimpiade 2014 - Open"]
[Site "Tromsø"]
[Date "12.08.2014"]
[Round "10.14"]
[Board "3"]
[White "Neiksans, Arturs"]
[Black "Smirin, Ilia"]
[Result "1/2-1/2"]
[WhiteTitle "GM"]
[BlackTitle "GM"]
[WhiteElo "2572"]
[BlackElo "2656"]
[WhiteTeam "Latvia"]
[BlackTeam "Israel"]
[WhiteFideId "11601388"]
[BlackFideId "2801990"]
[EventDate "2014.08.02"]

1. d4 Nf6 2. c4 g6 3. Nf3 Bg7 4. g3 c5 5. Bg2 Qa5+ 6. Nc3 Ne4 7. Qd3 cxd4 8.
Nxd4 Nc5 9. Qd1 Nc6 10. Be3 Na4 11. Qxa4 Qxa4 12. Nxa4 Nxd4 13. O-O-O Nc6 14.
Bd2 d6 15. Bc3 Bxc3 16. Nxc3 Be6 17. b3 Rc8 18. Kb2 h5 19. h4 O-O 20. Rd2 Rb8
21. Rc1 Rfc8 22. f4 Kf8 23. e4 Bg4 24. a3 Rd8 25. Rf1 Kg7 26. Rff2 a6 27. Bf3 e5
28. Bxg4 hxg4 29. Rd5 exf4 30. Rxf4 Ne5 31. a4 Rbc8 32. Rd2 Rc5 1/2-1/2

[Event "Olimpiade 2014 - Open"]
[Site "Tromsø"]
[Date "12.08.2014"]
[Round "10.14"]
[Board "4"]
[White "Sutovsky, Emil"]
[Black "Miezis, Normunds"]
[Result "1-0"]
[WhiteTitle "GM"]
[BlackTitle "GM"]
[WhiteElo "2624"]
[BlackElo "2524"]
[WhiteTeam "Israel"]
[BlackTeam "Latvia"]
[WhiteFideId "2802007"]
[BlackFideId "11600136"]
[EventDate "2014.08.02"]

1. e4 c5 2. Nf3 e6 3. Nc3 a6 4. d4 cxd4 5. Nxd4 Qc7 6. Bd3 Nc6 7. Nxc6 dxc6 8.
f4 e5 9. O-O Nf6 10. Kh1 h5 11. Qf3 Bd6 12. f5 b6 13. Qg3 Kf8 14. Bg5 Be7 15.
Nb1 Bb7 16. Nd2 Ng4 17. Bxe7+ Qxe7 18. Nc4 b5 19. Na5 Re8 20. Nxb7 Qxb7 21. Be2
Nf6 22. Qe3 Rh6 23. Rad1 Qe7 24. Rd3 Qb4 25. Bf3 Kg8 26. b3 Qa3 27. Qd2 Qxa2 28.
Qc3 Qa3 29. Qxc6 Qb4 30. Rd6 Rf8 31. Qxa6 h4 32. Qc6 Kh7 33. Rd3 Nh5 34. Qc3
Ng3+ 35. hxg3 hxg3+ 36. Kg1 Qe7 37. Ra1 Qh4 38. Kf1 b4 39. Qxe5 Rc8 40. Ke2
Rxc2+ 41. Rd2 Rxd2+ 42. Kxd2 Rc6 43. f6 Qh6+ 44. Kd1 Rxf6 45. Ke2 g5 46. Rh1
Qxh1 47. Qxf6 Qc1 48. Qxf7+ Kh6 49. Qf8+ Kh7 50. Qe7+ Kh6 51. Qd6+ Kh7 52. Qxb4 1-0

[Event "Olimpiade 2014 - Open"]
[Site "Tromsø"]
[Date "12.08.2014"]
[Round "10.15"]
[Board "1"]
[White "Adams, Michael"]
[Black "Grandelius, Nils"]
[Result "1-0"]
[WhiteTitle "GM"]
[BlackTitle "GM"]
[WhiteElo "2740"]
[BlackElo "2571"]
[WhiteTeam "England"]
[BlackTeam "Sweden"]
[WhiteFideId "400041"]
[BlackFideId "1710400"]
[EventDate "2014.08.02"]

1. e4 e5 2. Nf3 Nc6 3. Bb5 a6 4. Ba4 Nf6 5. O-O Be7 6. Re1 b5 7. Bb3 d6 8. c3
O-O 9. d3 Na5 10. Bc2 c5 11. Nbd2 Nd7 12. Nf1 Nb6 13. Ne3 Nc6 14. Nd5 Nxd5 15.
exd5 Nb8 16. d4 exd4 17. cxd4 c4 18. Qe2 Bf6 19. Bh6 Qd7 20. Qe4 Qf5 21. Qxf5
Bxf5 22. Bxf5 gxh6 23. a4 bxa4 24. Rxa4 a5 25. Rc1 Na6 26. Rxa5 Nc7 27. Rxa8
Rxa8 28. g3 Ra4 29. b3 Ra3 30. Rxc4 Rxb3 31. Nd2 Rb7 32. Ne4 Be7 33. Nc3 Kg7 34.
Kg2 Ne8 35. Nd1 Nf6 36. Ne3 Rb5 37. Bd3 Nxd5 38. Nf5+ Kf6 39. Nxh6 Rb2 40. Kf1
Bf8 41. Ng4+ Kg7 42. Be4 Ne7 43. Ne3 Rb5 44. Ra4 Rb8 45. Ra6 Rd8 46. Ke2 Kg8 47.
Kd3 Bg7 48. Ra7 Bf8 49. Nd5 Ng6 50. h4 Bg7 51. h5 Nf8 52. Ne7+ Kh8 53. Nf5 Rd7
54. Rxd7 Nxd7 55. Nxd6 1-0

[Event "Olimpiade 2014 - Open"]
[Site "Tromsø"]
[Date "12.08.2014"]
[Round "10.15"]
[Board "3"]
[White "Short, Nigel D"]
[Black "Hillarp Persson, Tiger"]
[Result "0-1"]
[WhiteTitle "GM"]
[BlackTitle "GM"]
[WhiteElo "2665"]
[BlackElo "2549"]
[WhiteTeam "England"]
[BlackTeam "Sweden"]
[WhiteFideId "400025"]
[BlackFideId "1700812"]
[EventDate "2014.08.02"]

1. d4 Nf6 2. c4 g6 3. Nc3 Bg7 4. e4 d6 5. Bd3 O-O 6. Nge2 a6 7. O-O c6 8. f3 b5
9. Bg5 Nbd7 10. Qd2 e5 11. d5 bxc4 12. Bxc4 Nb6 13. Bb3 c5 14. a4 Rb8 15. Rfb1
Qc7 16. Kh1 Nh5 17. g4 Nd7 18. Bd1 Nf4 19. Nxf4 exf4 20. Bxf4 Ne5 21. Be2 Rb4
22. Bh6 Bxh6 23. Qxh6 f6 24. Ra2 g5 25. a5 Qe7 26. Qh3 Ng6 27. Qf1 h5 28. Bxa6
Bxa6 29. Qxa6 hxg4 30. Qf1 Nh4 31. fxg4 Rxe4 32. a6 Ra8 33. Rba1 Re3 34. Ra4 Kg7
35. a7 Qe5 36. Qf2 Nf3 37. Ne4 Rxe4 38. Qxf3 Rh8 39. Qg2 Re2 40. a8=Q Rxh2+ 0-1

[Event "Olimpiade 2014 - Open"]
[Site "Tromsø"]
[Date "12.08.2014"]
[Round "10.15"]
[Board "4"]
[White "Tikkanen, Hans"]
[Black "Howell, David W L"]
[Result "0-1"]
[WhiteTitle "GM"]
[BlackTitle "GM"]
[WhiteElo "2559"]
[BlackElo "2650"]
[WhiteTeam "Sweden"]
[BlackTeam "England"]
[WhiteFideId "1706446"]
[BlackFideId "410608"]
[EventDate "2014.08.02"]

1. d4 Nf6 2. c4 g6 3. Nf3 Bg7 4. e3 O-O 5. Be2 b6 6. O-O Bb7 7. d5 e6 8. Nc3
exd5 9. cxd5 Re8 10. Rb1 c6 11. Bc4 Na6 12. b4 b5 13. Bb3 Nxb4 14. e4 Nfxd5 15.
Nxd5 cxd5 16. exd5 a5 17. d6 h6 18. Bb2 Be4 19. Bxg7 Kxg7 20. Rc1 Qf6 21. Rc7 a4
22. Bxf7 Kxf7 23. Qd2 Nd5 24. Rxd7+ Kg8 25. Qxh6 Qh8 26. Qd2 Nf6 27. Rc7 Bxf3
28. gxf3 Qh5 29. Rfc1 Rad8 30. Qf4 Rf8 31. R1c5 Qh3 32. Rg5 Rd7 33. Rxg6+ Kh7
34. Rg3 Qh5 35. Rg5 Qh6 36. Qf5+ Kh8 37. Rg6 Qxg6+ 38. Qxg6 Rg8 39. Rc8 Rg7 40.
Qxg7+ Kxg7 41. Rc7+ Kf8+ 42. Kf1 Rg5 43. Rb7 Ke8 44. Re7+ Kd8 45. Rf7 Ne8 46. d7
Nd6 47. Rh7 Re5 48. h4 b4 49. f4 Rb5 0-1

[Event "Olimpiade 2014 - Open"]
[Site "Tromsø"]
[Date "12.08.2014"]
[Round "10.16"]
[Board "1"]
[White "Stefansson, Hannes"]
[Black "Solak, Dragan"]
[Result "1-0"]
[WhiteTitle "GM"]
[BlackTitle "GM"]
[WhiteElo "2536"]
[BlackElo "2632"]
[WhiteTeam "Iceland"]
[BlackTeam "Turkey"]
[WhiteFideId "2300087"]
[BlackFideId "916811"]
[EventDate "2014.08.02"]

1. d4 d5 2. c4 c6 3. Nc3 Nf6 4. Nf3 dxc4 5. a4 Bf5 6. Nh4 Be6 7. e4 Na6 8. Nf3
Nb4 9. Be3 g6 10. Ne5 Bg7 11. Bxc4 Bxc4 12. Nxc4 a5 13. O-O O-O 14. h3 Ne8 15.
d5 cxd5 16. Nb6 Ra6 17. Ncxd5 Nxd5 18. Nxd5 Nd6 19. Qb3 Qd7 20. Rad1 Rc6 21. Bg5
Re8 22. e5 Bxe5 23. Rfe1 e6 24. Rxe5 exd5 25. Qxd5 Rxe5 26. Qxe5 Qf5 27. Bf4
Qxe5 28. Bxe5 Ne8 29. Rd8 Kf8 30. Rb8 Ke7 31. Rxb7+ Ke6 32. Bg3 Nd6 33. Bxd6
Rxd6 34. g4 Rd5 35. Kg2 h5 36. Kg3 hxg4 37. hxg4 Rd4 38. b3 g5 39. f3 Rd2 40.
Ra7 Rd5 41. Kf2 Rc5 42. Rb7 Rc3 43. Rb5 f6 44. Rxa5 Rxb3 45. Rf5 Rd3 46. a5 Rd6
47. Ke3 Rd1 48. Ke4 Rd2 49. Rb5 Rd1 50. Rb6+ Kf7 51. a6 Rd2 52. Rb7+ Ke6 53. a7
Ra2 54. Kd4 Kd6 55. Kc4 Ke5 56. Kb4 Kd6 57. Rh7 Ke5 58. Kb5 Kf4 59. Rf7 1-0

[Event "Olimpiade 2014 - Open"]
[Site "Tromsø"]
[Date "12.08.2014"]
[Round "10.16"]
[Board "2"]
[White "Esen, Baris"]
[Black "Gretarsson, Hjorvar Steinn"]
[Result "1/2-1/2"]
[WhiteTitle "GM"]
[BlackTitle "GM"]
[WhiteElo "2589"]
[BlackElo "2543"]
[WhiteTeam "Turkey"]
[BlackTeam "Iceland"]
[WhiteFideId "6302114"]
[BlackFideId "2302241"]
[EventDate "2014.08.02"]

1. d4 d5 2. c4 e6 3. Nf3 Be7 4. Nc3 Nf6 5. Bg5 h6 6. Bh4 O-O 7. e3 b6 8. Be2 Bb7
9. Bxf6 Bxf6 10. cxd5 exd5 11. O-O a6 12. Qb3 Qd6 13. Bd3 Re8 14. Rfe1 Nd7 15.
e4 dxe4 16. Bxe4 Bxe4 17. Nxe4 Qf4 18. Qd5 Rad8 19. Qb7 a5 20. Rac1 c5 21. Nxf6+
Nxf6 22. Ne5 Rxe5 23. dxe5 Ng4 24. Rc2 Qxh2+ 25. Kf1 Nxe5 26. g3 Qh5 27. Kg2 Ng4
28. Rce2 f5 29. Rh1 Qg6 30. f3 Nf6 31. Qxb6 Rd3 32. Qxc5 f4 33. Qc4+ Nd5 34. g4
Kh7 35. Rhe1 Ne3+ 36. Rxe3 fxe3 37. Kg3 Qd6+ 38. Qf4 Qxf4+ 39. Kxf4 Rd2 40. Rxe3 1/2-1/2

[Event "Olimpiade 2014 - Open"]
[Site "Tromsø"]
[Date "12.08.2014"]
[Round "10.16"]
[Board "3"]
[White "Kjartansson, Gudmundur"]
[Black "Yilmaz, Mustafa"]
[Result "0-1"]
[WhiteTitle "IM"]
[BlackTitle "GM"]
[WhiteElo "2448"]
[BlackElo "2569"]
[WhiteTeam "Iceland"]
[BlackTeam "Turkey"]
[WhiteFideId "2301318"]
[BlackFideId "6302718"]
[EventDate "2014.08.02"]

1. Nf3 d5 2. c4 d4 3. b4 g6 4. e4 Bg7 5. d3 a5 6. b5 a4 7. Bf4 Nf6 8. h3 O-O 9.
Nbd2 Nfd7 10. e5 c6 11. Rb1 Nc5 12. Be2 cxb5 13. Rxb5 Nba6 14. O-O Bd7 15. Rb1
Bc6 16. Qc1 Ne6 17. Bg3 Qa5 18. Qb2 Bh6 19. Rfd1 Qc3 20. a3 Nac5 21. Nf1 Nb3 22.
Bh4 Rfe8 23. N1d2 Nf4 24. Nxb3 axb3 25. Kf1 Ra5 26. Bg3 Ne6 27. Nd2 Rea8 28.
Nxb3 Rxa3 29. Nc1 Ra1 30. Rxa1 Rxa1 31. Qxc3 dxc3 32. Nb3 Ra3 33. Na1 Ba4 34.
Re1 Bd2 0-1

[Event "Olimpiade 2014 - Open"]
[Site "Tromsø"]
[Date "12.08.2014"]
[Round "10.16"]
[Board "4"]
[White "Ipatov, Alexander"]
[Black "Thorhallsson, Throstur"]
[Result "1/2-1/2"]
[WhiteTitle "GM"]
[BlackTitle "GM"]
[WhiteElo "2614"]
[BlackElo "2426"]
[WhiteTeam "Turkey"]
[BlackTeam "Iceland"]
[WhiteFideId "14116731"]
[BlackFideId "2300109"]
[EventDate "2014.08.02"]

1. d4 d5 2. c4 c6 3. Nf3 Nf6 4. Nc3 e6 5. Bg5 dxc4 6. a4 Bb4 7. e4 Bxc3+ 8. bxc3
Qa5 9. e5 Ne4 10. Bd2 Nxd2 11. Qxd2 c5 12. Bxc4 cxd4 13. cxd4 Nc6 14. Bb5 Bd7
15. Bxc6 Qxd2+ 16. Nxd2 Bxc6 17. Nc4 O-O 18. f3 Bxa4 19. Rxa4 b5 20. Rb4 bxc4
21. Rxc4 Rfc8 22. Rxc8+ Rxc8 23. Kd2 Rc4 24. Kd3 Ra4 25. g4 g6 26. g5 h5 27.
gxh6 Kh7 28. Rb1 Kxh6 29. Rb7 Ra3+ 30. Ke4 Kg7 31. h4 Ra2 1/2-1/2

[Event "Olimpiade 2014 - Open"]
[Site "Tromsø"]
[Date "12.08.2014"]
[Round "10.17"]
[Board "1"]
[White "Markos, Jan"]
[Black "Leitao, Rafael"]
[Result "1/2-1/2"]
[WhiteTitle "GM"]
[BlackTitle "GM"]
[WhiteElo "2602"]
[BlackElo "2649"]
[WhiteTeam "Slovakia"]
[BlackTeam "Brazil"]
[WhiteFideId "14903474"]
[BlackFideId "2101246"]
[EventDate "2014.08.02"]

1. Nf3 Nf6 2. g3 d5 3. Bg2 e6 4. O-O Be7 5. d3 O-O 6. Nbd2 c5 7. e4 Nc6 8. Re1
b5 9. e5 Nd7 10. Nf1 a5 11. h4 Ba6 12. h5 b4 13. h6 g6 14. N1h2 a4 15. Ng4 Nd4
16. c4 dxc4 17. dxc4 Bxc4 18. Nxd4 cxd4 19. Qxd4 Bd5 20. Bxd5 Nb6 21. Ne3 Ra5
22. Rd1 Nxd5 23. Qe4 Qa8 24. Nxd5 Rxd5 25. Rxd5 exd5 26. Qd4 Rc8 27. e6 f6 28.
Bd2 Rc4 29. Qd3 Rc8 30. Qb5 Rb8 31. Qd7 Kf8 32. Rc1 Rd8 33. Bxb4 Rxd7 34. exd7
Qd8 35. Rc8 Kf7 36. Rxd8 Bxd8 37. Kf1 Ke6 38. Ke2 Kxd7 39. Kd3 Bb6 40. f3 f5 41.
g4 fxg4 42. fxg4 Kc6 43. Bc3 Bd8 44. Bg7 Bb6 45. Kc3 Kb5 46. b3 Bc5 47. Bd4 Bb4+
48. Kc2 Be7 49. Bg7 Bd6 50. Kc3 Bc5 51. bxa4+ Kxa4 52. Bd4 Be7 53. Bg7 Bc5 54.
Bd4 Be7 55. Bg7 1/2-1/2

[Event "Olimpiade 2014 - Open"]
[Site "Tromsø"]
[Date "12.08.2014"]
[Round "10.17"]
[Board "2"]
[White "Fier, Alexandr"]
[Black "Ftacnik, Lubomir"]
[Result "1-0"]
[WhiteTitle "GM"]
[BlackTitle "GM"]
[WhiteElo "2570"]
[BlackElo "2571"]
[WhiteTeam "Brazil"]
[BlackTeam "Slovakia"]
[WhiteFideId "2107139"]
[BlackFideId "14900017"]
[EventDate "2014.08.02"]

1. d4 Nf6 2. c4 g6 3. f3 Nc6 4. d5 Ne5 5. e4 d6 6. Nc3 Bg7 7. Be2 O-O 8. f4 Ned7
9. Nf3 c6 10. Be3 Qa5 11. O-O Ng4 12. Bd4 Bxd4+ 13. Qxd4 Qb6 14. Qxb6 Nxb6 15.
h3 Ne3 16. Rfc1 Nexc4 17. Nd1 cxd5 18. exd5 Nxb2 19. Nxb2 Nxd5 20. Rc4 Bd7 21.
Rd4 Nc7 22. Re4 Rfe8 23. Nd3 Rac8 24. Rb4 b5 25. Rb2 Nd5 26. Nd4 Nc3 27. Bf1 e5
28. fxe5 dxe5 29. Nb3 Na4 30. Re2 f6 31. Nb4 Nc3 32. Rd2 Be6 33. Rd6 f5 34. Ra6
Rc7 35. Re1 Bf7 36. h4 Nxa2 37. Nxa2 Bxb3 38. Bxb5 Ree7 39. Nb4 e4 40. Nc6 Re6
41. Ra3 Bd5 42. Nb4 Re5 43. Nd3 Ree7 44. Nf4 Bf7 45. Ra6 Kg7 46. Be2 h6 47. Rd1
Red7 48. Rda1 g5 49. Nh5+ Bxh5 50. Bxh5 f4 51. Rg6+ Kh7 52. Raa6 gxh4 53. Rxh6+
Kg8 54. Bg4 Rh7 55. Be6+ Kh8 56. Bf5 Rxh6 57. Rxh6+ Kg8 58. Bxe4 Rc1+ 59. Kh2
Kg7 60. Rxh4 Kf6 61. Rxf4+ Ke5 62. Rg4 1-0

[Event "Olimpiade 2014 - Open"]
[Site "Tromsø"]
[Date "12.08.2014"]
[Round "10.17"]
[Board "3"]
[White "Michalik, Peter"]
[Black "Mekhitarian, Krikor Sevag"]
[Result "1/2-1/2"]
[WhiteTitle "GM"]
[BlackTitle "GM"]
[WhiteElo "2586"]
[BlackElo "2568"]
[WhiteTeam "Slovakia"]
[BlackTeam "Brazil"]
[WhiteFideId "14907526"]
[BlackFideId "2107660"]
[EventDate "2014.08.02"]

1. d4 Nf6 2. c4 g6 3. g3 Bg7 4. Bg2 d5 5. cxd5 Nxd5 6. Nf3 O-O 7. O-O Nc6 8. Nc3
e5 9. Bg5 f6 10. Bd2 Nxc3 11. Bxc3 e4 12. Nd2 f5 13. Qb3+ Kh8 14. e3 Ne7 15. Bb4
Re8 16. Nc4 Be6 17. Qc2 Nd5 18. Bd2 Qe7 19. Na5 c6 20. a3 Rac8 21. b4 Qf7 22.
Rfc1 Nb6 23. Bf1 Red8 24. Rab1 Ba2 25. Rb2 Bd5 26. Nb3 Na4 27. Rbb1 b5 28. Nc5
Nxc5 29. Qxc5 Bf8 30. Qc2 Bd6 31. Qd1 Rc7 32. Bg2 Re8 33. f3 exf3 34. Bxf3 h5
35. Qf1 Bxf3 36. Qxf3 Re4 37. Be1 Qd5 38. Rc3 h4 39. Rb2 Kg8 40. gxh4 Rg4+ 41.
Kf2 Rxh4 42. Qxd5+ cxd5 43. Rxc7 Bxc7 44. Kg1 Rg4+ 45. Kf1 Kf7 46. Rc2 Bd6 47.
h3 Re4 48. Rc6 Re6 49. Bf2 g5 50. Kg2 Ke7 51. a4 bxa4 52. Ra6 Bxb4 53. Rxa7+ Kf6
54. Rxa4 Rb6 55. Bg3 Bd2 56. Ra3 f4 57. exf4 gxf4 58. Bf2 Kf5 59. Kf3 Rc6 60.
Rb3 Rc3+ 61. Rxc3 Bxc3 62. Bg1 Bb2 63. Bh2 1/2-1/2

[Event "Olimpiade 2014 - Open"]
[Site "Tromsø"]
[Date "12.08.2014"]
[Round "10.17"]
[Board "4"]
[White "El Debs, Felipe de Cresce"]
[Black "Petrik, Tomas"]
[Result "1/2-1/2"]
[WhiteTitle "GM"]
[BlackTitle "GM"]
[WhiteElo "2522"]
[BlackElo "2487"]
[WhiteTeam "Brazil"]
[BlackTeam "Slovakia"]
[WhiteFideId "2106981"]
[BlackFideId "14901625"]
[EventDate "2014.08.02"]

1. d4 Nf6 2. c4 e6 3. Nc3 Bb4 4. e3 O-O 5. Ne2 Re8 6. a3 Bf8 7. Ng3 d5 8. Be2 c5
9. cxd5 cxd4 10. exd4 Nxd5 11. O-O Nc6 12. Re1 Nxc3 13. bxc3 b6 14. Bd3 Bb7 15.
Ne4 Ne7 16. Qh5 Bxe4 17. Bxe4 g6 18. Qf3 Nd5 19. c4 Rc8 20. Qb3 Bg7 21. Rd1 Ne7
22. Bg5 Bxd4 23. Bf6 Bxf6 24. Rxd8 Rexd8 25. Rc1 Rd4 26. Bf3 Nf5 27. c5 Rxc5 28.
Rxc5 bxc5 29. Qb8+ Kg7 30. Qxa7 c4 31. Kf1 c3 32. Qc7 Rd2 33. g4 c2 34. Ke1 Nd4
35. Kxd2 Bg5+ 36. Kd3 c1=Q 37. Qxc1 Bxc1 38. Kxd4 Bxa3 39. h4 Kf6 40. Bd1 Be7
41. Ke4 Kg7 42. h5 gxh5 43. gxh5 Bd6 44. Kf3 Kf6 45. Ba4 Kg5 46. Be8 f5 47. Kg2
e5 48. f3 Kf4 49. Bd7 Bc5 50. Bc6 Bb6 51. Bd5 h6 52. Bc6 Bc5 1/2-1/2

[Event "Olimpiade 2014 - Open"]
[Site "Tromsø"]
[Date "12.08.2014"]
[Round "10.18"]
[Board "1"]
[White "Sulskis, Sarunas"]
[Black "Al-Modiahki, Mohamad"]
[Result "1/2-1/2"]
[WhiteTitle "GM"]
[BlackTitle "GM"]
[WhiteElo "2544"]
[BlackElo "2549"]
[WhiteTeam "Lithuania"]
[BlackTeam "Qatar"]
[WhiteFideId "12800112"]
[BlackFideId "12100030"]
[EventDate "2014.08.02"]

1. c4 Nf6 2. Nc3 g6 3. e4 d6 4. d4 Bg7 5. f3 O-O 6. Be3 c5 7. dxc5 dxc5 8. Qxd8
Rxd8 9. Bxc5 Nc6 10. Nge2 b6 11. Ba3 Bb7 12. Rd1 e6 13. Nc1 Nd7 14. Nb3 a5 15.
Na4 Nb4 16. Rxd7 Rxd7 17. Nxb6 Nc2+ 18. Ke2 Nxa3 19. bxa3 a4 20. Nxd7 axb3 21.
axb3 Rxa3 22. b4 Ra4 23. e5 Rxb4 24. Kf2 Rb1 25. h4 h5 26. Rg1 Bh6 27. Nc5 Bc6
28. g4 hxg4 29. Rxg4 Bxf3 30. Kxf3 Rxf1+ 31. Ke2 Rh1 32. Nd3 Rh3 33. Rd4 Re3+
34. Kf2 Rh3 35. c5 Be3+ 36. Kg2 Bxd4 37. Kxh3 Kf8 38. Kg4 Ke7 39. Kf4 Kd7 40.
Kg5 Ke7 41. Kh6 f6 42. Nf4 Bxc5 43. Nxg6+ Kf7 44. Kh7 Bd4 45. exf6 Bxf6 46. h5
e5 47. Nxe5+ Bxe5 48. Kh6 Bf4+ 49. Kh7 Be5 1/2-1/2